[Event "3rd EUR-ch (w)"]
[Site "Varna BUL"]
[Date "2002.06.04"]
[Round "8.36"]
[White "Besheva, Svetla"]
[Black "Krupkova, Petra"]
[Result "1/2-1/2"]
[WhiteElo "2125"]
[BlackElo "2293"]
[EventDate "2002.05.27"]
[PlyCount "116"]

1.e4 c5 2.c3 Nf6 3.e5 Nd5 4.d4 cxd4 5.Nf3 d6 6.cxd4 Nc6 7.Bc4 Nb6 8.Bb3 d5
9.O-O Bg4 10.Be3 e6 11.Nbd2 Be7 12.h3 Bh5 13.Qe1 O-O 14.Nh2 f6 15.f4 fxe5 
16.fxe5 Rxf1+ 17.Qxf1 Na5 18.Bc2 Nac4 19.Nxc4 Nxc4 20.Bf2 Rc8 21.g4 Be8 
22.Qe2 Nxb2 23.Bxh7+ Kxh7 24.Qxb2 b5 25.Nf3 b4 26.Rc1 Rxc1+ 27.Qxc1 a5 28.
h4 Bg6 29.Qc6 Qg8 30.Be3 Qf7 31.Nd2 Bxh4 32.Qa6 Be1 33.Qe2 Bxd2 34.Bxd2 
Be4 35.Qh2+ Kg8 36.Qh4 Qf8 37.Qf2 Qxf2+ 38.Kxf2 Bb1 39.a3 bxa3 40.Bxa5 a2 
41.Bc3 g5 42.Ke2 Kf7 43.Ke3 Be4 44.Ke2 Ke8 45.Kd2 Bf3 46.Kc1 Bxg4 47.Kb2 
Bh3 48.Kxa2 g4 49.Kb2 g3 50.Be1 g2 51.Bf2 Kf7 52.Kc3 Kg6 53.Kd2 Kg5 54.Ke3
Bf5 55.Kf3 Be4+ 56.Kg3 Kf5 57.Bg1 Kg5 58.Bf2 Kf5 1/2-1/2

[Event "3rd EUR-ch (w)"]
[Site "Varna BUL"]
[Date "2002.06.04"]
[Round "8.37"]
[White "Muzychuk, Anna"]
[Black "Papadopoulou, Vera"]
[Result "1-0"]
[WhiteElo "2256"]
[BlackElo "2170"]
[EventDate "2002.05.27"]
[PlyCount "87"]

1.e4 c5 2.Nc3 d6 3.f4 Nc6 4.Nf3 g6 5.g3 Bg7 6.Bg2 e6 7.d3 Nge7 8.Be3 Nd4 
9.O-O O-O 10.e5 Nef5 11.Bf2 Nxf3+ 12.Bxf3 Nd4 13.Bg2 dxe5 14.fxe5 Bxe5 15.
Ne4 f5 16.Nxc5 Qc7 17.b4 Rb8 18.c3 Nb5 19.d4 Bg7 20.Qb3 Kh8 21.a4 Nd6 22.
Rae1 Re8 23.Be3 b6 24.Nd3 Bb7 25.Bf4 Bxg2 26.Kxg2 g5 27.Bxg5 Qc6+ 28.Rf3 
Ne4 29.Bf4 Rbc8 30.Ne5 Qb7 31.Kg1 h5 32.Rfe3 Kh7 33.Qd1 h4 34.Qh5+ Kg8 35.
R1e2 h3 36.g4 Rf8 37.Rxh3 Nf6 38.Qg6 fxg4 39.Nxg4 Nxg4 40.Qxg4 Qd5 41.Rg3 
Rf7 42.Re5 Qb7 43.Rg5 Rcf8 44.Qxe6 1-0

[Event "3rd EUR-ch (w)"]
[Site "Varna BUL"]
[Date "2002.06.04"]
[Round "8.38"]
[White "Jiretorn, Eva"]
[Black "Richards, Heather"]
[Result "0-1"]
[WhiteElo "2114"]
[BlackElo "2252"]
[EventDate "2002.05.27"]
[PlyCount "114"]

1.d4 e6 2.c4 Bb4+ 3.Bd2 a5 4.Nc3 d6 5.Nf3 Nf6 6.Qc2 Qe7 7.a3 Bxc3 8.Bxc3 
Nc6 9.e4 e5 10.d5 Nb8 11.Be2 O-O 12.O-O a4 13.Nd2 Nbd7 14.Rae1 Re8 15.Bf3 
Nc5 16.g3 Bd7 17.Bg2 Ng4 18.f3 Nh6 19.Nb1 f6 20.Bd2 Nf7 21.Nc3 Nd8 22.Be3 
Nb3 23.Rf2 b6 24.h4 Nb7 25.Kh2 N7a5 26.Nb5 Rac8 27.Rd1 Rf8 28.Qc3 c6 29.
dxc6 Rxc6 30.Bf1 Be6 31.Qb4 Rd8 32.Rc2 Nc5 33.Bxc5 dxc5 34.Rxd8+ Qxd8 35.
Rd2 cxb4 36.Rxd8+ Kf7 37.axb4 Nxc4 38.Bxc4 Bxc4 39.Na3 Bb3 40.Kg2 Ke7 41.
Rd2 g6 42.Kf2 f5 43.Ke3 Rc1 44.Re2 Rd1 45.Rd2 Rh1 46.Rg2 Re1+ 47.Kd2 Rd1+ 
48.Ke2 fxe4 49.fxe4 Rd4 50.b5 Rxe4+ 51.Kd3 Re1 52.Kd2 Rd1+ 53.Ke3 Ke6 54.
Rf2 Rg1 55.Kf3 Bd1+ 56.Ke4 Rxg3 57.Rh2 Bg4 0-1

[Event "3rd EUR-ch (w)"]
[Site "Varna BUL"]
[Date "2002.06.04"]
[Round "8.39"]
[White "Doncheva, Marinela"]
[Black "Bogza, Adina"]
[Result "0-1"]
[WhiteElo "2077"]
[BlackElo "2251"]
[EventDate "2002.05.27"]
[PlyCount "110"]

1.e4 d6 2.g3 Nf6 3.Bg2 g6 4.d3 Bg7 5.Nf3 O-O 6.O-O e5 7.c3 Nc6 8.Nbd2 Re8 
9.Qc2 h6 10.b4 a5 11.b5 Nb8 12.a4 d5 13.Bb2 Nbd7 14.c4 dxe4 15.dxe4 b6 16.
Nb3 Bb7 17.Nfd2 Bf8 18.Rad1 Bb4 19.Nb1 Qe7 20.Nc3 c6 21.Qc1 Kh7 22.Qe3 
Rac8 23.Rd3 Nc5 24.Nxc5 Bxc5 25.Qd2 cxb5 26.cxb5 Bb4 27.Qe3 Bc5 28.Qd2 Bd4
29.Nd5 Bxd5 30.exd5 Bxb2 31.d6 Qd8 32.Qxb2 e4 33.Rd4 Rc5 34.Re1 Re6 35.Qd2
Rce5 36.Re3 h5 37.f4 exf3 38.Rxe5 Rxe5 39.Bxf3 Nd7 40.Qf4 Rf5 41.Qe3 Re5 
42.Re4 Qf6 43.Qd4 Kg7 44.Kg2 Rxe4 45.Qxe4 Qxd6 46.Qb7 Nc5 47.Qc6 Qd2+ 48.
Kh3 Nxa4 49.Bd5 Qf2 50.Bf3 Qc5 51.Qd7 Nc3 52.g4 hxg4+ 53.Bxg4 Nxb5 54.Be6 
Nd6 55.Bb3 Qf5+ 0-1

[Event "3rd EUR-ch (w)"]
[Site "Varna BUL"]
[Date "2002.06.04"]
[Round "8.40"]
[White "Topel, Zehra"]
[Black "Kouvatsou, Maria"]
[Result "0-1"]
[WhiteElo "2023"]
[BlackElo "2232"]
[EventDate "2002.05.27"]
[PlyCount "66"]

1.Nf3 Nf6 2.c4 e6 3.d4 d5 4.Nc3 c5 5.dxc5 Bxc5 6.Bg5 Qb6 7.e3 Qxb2 8.Bxf6 
gxf6 9.Rc1 Bb4 10.Qc2 Qxc2 11.Rxc2 dxc4 12.Bxc4 Nc6 13.O-O Bd7 14.Ne4 Ke7 
15.Rb2 a5 16.Rd1 Rab8 17.Nxf6 Bc8 18.Ne4 b5 19.Bf1 Rd8 20.Rxd8 Kxd8 21.Rc2
Bd7 22.Nf6 Be7 23.Nxd7 Kxd7 24.Rd2+ Kc7 25.Bd3 h6 26.Rc2 Kb6 27.Rb2 b4 28.
Ne1 a4 29.Kf1 Bf6 30.Rb1 Ka5 31.Bc2 b3 32.axb3 a3 33.Ke2 a2 0-1

[Event "3rd EUR-ch (w)"]
[Site "Varna BUL"]
[Date "2002.06.04"]
[Round "8.41"]
[White "Agrest, Svetlana"]
[Black "Milliet, Sophie"]
[Result "1-0"]
[WhiteElo "2225"]
[BlackElo "2163"]
[EventDate "2002.05.27"]
[PlyCount "109"]

1.e4 c6 2.Nc3 d5 3.Nf3 g6 4.d4 Bg7 5.exd5 cxd5 6.Bb5+ Bd7 7.Qe2 Nf6 8.
Bxd7+ Qxd7 9.Ne5 Qc8 10.Qb5+ Nbd7 11.O-O a6 12.Qb4 Qd8 13.Qxb7 O-O 14.Nc6 
Qe8 15.Re1 e6 16.Bf4 Kh8 17.Bd6 Qc8 18.Qxc8 Rfxc8 19.Ne5 Nxe5 20.Bxe5 Nd7 
21.Bxg7+ Kxg7 22.Rec1 Rab8 23.Nd1 Nb6 24.b3 Rc6 25.Kf1 Rbc8 26.c3 f6 27.f4
Nd7 28.Ke2 e5 29.fxe5 fxe5 30.Kd2 Rf6 31.Ne3 Rf2+ 32.Ke1 Rcf8 33.Rc2 R2f4 
34.Rd1 Re4 35.Re2 Re8 36.Nxd5 Rxe2+ 37.Kxe2 exd4+ 38.Kd3 dxc3 39.Nc7 Ne5+ 
40.Kc2 Rc8 41.Nxa6 Ng4 42.Rd3 Nxh2 43.Rxc3 Rf8 44.Rd3 h5 45.b4 Ng4 46.Rd2 
h4 47.b5 Rf6 48.Nc7 Rb6 49.a4 Kh6 50.a5 Rb7 51.b6 Ne5 52.a6 Rxb6 53.a7 
Rc6+ 54.Kd1 Rxc7 55.a8=Q 1-0

[Event "3rd EUR-ch (w)"]
[Site "Varna BUL"]
[Date "2002.06.04"]
[Round "8.42"]
[White "Shtereva, Slaveja"]
[Black "Gasparian, Narine"]
[Result "1/2-1/2"]
[WhiteElo "2071"]
[BlackElo "2204"]
[EventDate "2002.05.27"]
[PlyCount "120"]

1.e4 c5 2.c4 g6 3.Nc3 Bg7 4.d3 d6 5.g3 Nc6 6.Bg2 Nf6 7.Nge2 O-O 8.O-O Rb8 
9.Rb1 a6 10.a3 Bg4 11.f3 Bd7 12.Be3 Qa5 13.Nd5 Nxd5 14.cxd5 Ne5 15.d4 Nc4 
16.Bf2 cxd4 17.Bxd4 Qd2 18.Bxg7 Kxg7 19.Nd4 Qxd1 20.Rfxd1 Rfc8 21.Kf2 Ne5 
22.Bf1 Rc7 23.Rbc1 Rbc8 24.Rxc7 Rxc7 25.Rd2 Rc1 26.Nb3 Rc7 27.Nd4 f5 28.
exf5 gxf5 29.Rc2 Rxc2+ 30.Nxc2 Kf6 31.Ke3 Be8 32.h3 Nd7 33.f4 Bf7 34.Bg2 
Nc5 35.b4 Na4 36.Kd4 Bh5 37.Ne3 Be2 38.g4 fxg4 39.hxg4 h6 40.Bf1 Bf3 41.
Bg2 Be2 42.Bf1 Bf3 43.Bh3 Nb6 44.Bg2 Be2 45.Be4 Nd7 46.Bf5 Nf8 47.Bc8 b6 
48.Nc4 Ng6 49.g5+ hxg5 50.fxg5+ Kxg5 51.Nxb6 Ne5 52.Na8 Kf4 53.Nc7 Nf3+ 
54.Kc3 Ke4 55.Bb7 Nd4 56.Nxa6 Bxa6 57.Bxa6 Kxd5 58.Bc4+ Ke5 59.b5 d5 60.
Bd3 Ne6 1/2-1/2

[Event "3rd EUR-ch (w)"]
[Site "Varna BUL"]
[Date "2002.06.04"]
[Round "8.44"]
[White "Johansson, Victoria"]
[Black "Dimovski, Aleksandra"]
[Result "1-0"]
[WhiteElo "2189"]
[BlackElo "2114"]
[EventDate "2002.05.27"]
[PlyCount "101"]

1.d4 Nf6 2.Nf3 g6 3.c4 Bg7 4.Nc3 O-O 5.e4 d6 6.Be2 e5 7.O-O Nc6 8.d5 Ne7 
9.Nd2 c5 10.a3 Ne8 11.b4 b6 12.Rb1 f5 13.Nb3 Nf6 14.f3 Kh8 15.bxc5 bxc5 
16.Bd2 a5 17.Bd3 Neg8 18.Nb5 Bh6 19.exf5 gxf5 20.f4 e4 21.Be2 a4 22.Nc1 
Qe7 23.Na2 Bg7 24.Nac3 Nh6 25.Nxa4 Nfg4 26.h3 Bd7 27.Nac3 Rab8 28.g3 e3 
29.hxg4 exd2 30.Qxd2 fxg4 31.Rbe1 Nf5 32.Bd3 Qf6 33.Bxf5 Bxf5 34.Ne4 Qg6 
35.Nexd6 Bd3 36.Re6 Bf6 37.f5 Bxf5 38.Nxf5 Qh5 39.Qh6 Qf7 40.Nbd6 Bd4+ 41.
Kg2 Rb2+ 42.Kh1 Qg8 43.Rfe1 Bc3 44.R1e2 Rb1+ 45.Kg2 Bd4 46.Nxd4 Rff1 47.
Re8 Rg1+ 48.Kf2 Rbf1+ 49.Ke3 cxd4+ 50.Kxd4 Rd1+ 51.Kc5 1-0

[Event "3rd EUR-ch (w)"]
[Site "Varna BUL"]
[Date "2002.06.04"]
[Round "8.45"]
[White "Ismailova, Aytaj"]
[Black "Velikhanli, Firuza"]
[Result "1/2-1/2"]
[WhiteElo "2157"]
[BlackElo "2320"]
[EventDate "2002.05.27"]
[PlyCount "36"]

1.e4 c6 2.d4 d5 3.e5 Bf5 4.Nc3 e6 5.g4 Bg6 6.Nge2 h6 7.h4 Be7 8.h5 Bh7 9.
Be3 Nd7 10.Nf4 c5 11.Bd3 Bxd3 12.Qxd3 c4 13.Qd2 Qa5 14.Nce2 Qxd2+ 15.Bxd2 
O-O-O 16.O-O-O Bg5 17.Ng2 Bxd2+ 18.Rxd2 Ne7 1/2-1/2

[Event "3rd EUR-ch (w)"]
[Site "Varna BUL"]
[Date "2002.06.04"]
[Round "8.46"]
[White "Lauterbach, Ingrid"]
[Black "Kaps, Darja"]
[Result "0-1"]
[WhiteElo "2127"]
[BlackElo "2251"]
[EventDate "2002.05.27"]
[PlyCount "64"]

1.e4 c5 2.Nf3 Nc6 3.d4 cxd4 4.Nxd4 Nf6 5.Nc3 e5 6.Ndb5 d6 7.Nd5 Nxd5 8.
exd5 Nb8 9.c4 Be7 10.Bd3 O-O 11.O-O a6 12.Nc3 f5 13.f3 Nd7 14.Kh1 Bg5 15.
b4 h6 16.a3 Qf6 17.Qe1 b6 18.f4 exf4 19.Bxf4 Bxf4 20.Rxf4 Ne5 21.Be2 Bd7 
22.Rc1 Rae8 23.Qg3 Ng6 24.Rff1 f4 25.Qf2 Nh4 26.Qxb6 Nxg2 27.Bf3 Ne3 28.
Ne4 Rxe4 29.Bxe4 Nxf1 30.Rxf1 Bh3 31.Rg1 f3 32.Qe3 f2 0-1

[Event "3rd EUR-ch (w)"]
[Site "Varna BUL"]
[Date "2002.06.04"]
[Round "8.47"]
[White "Gunther, Anetta"]
[Black "Shaidullina, Sandugach"]
[Result "0-1"]
[WhiteElo "2116"]
[BlackElo "2245"]
[EventDate "2002.05.27"]
[PlyCount "104"]

1.e4 c5 2.Nf3 d6 3.d4 cxd4 4.Nxd4 Nf6 5.Nc3 Nc6 6.Bg5 e6 7.Qd2 a6 8.O-O-O 
Bd7 9.f3 Qa5 10.Nb3 Qc7 11.g4 b5 12.Be3 Ne5 13.Qf2 b4 14.Bb6 Qb8 15.Ne2 
Nc4 16.Bd4 e5 17.Ng3 Be6 18.g5 Nd7 19.Bxc4 Bxc4 20.Be3 g6 21.Kb1 a5 22.Qd2
Qb5 23.Nc1 Be7 24.h4 Nc5 25.b3 Be6 26.Nd3 Nxd3 27.Qxd3 Qxd3 28.Rxd3 a4 29.
Rhd1 axb3 30.cxb3 O-O 31.Bb6 Rfc8 32.Nf1 d5 33.Bf2 dxe4 34.fxe4 Bg4 35.
R1d2 f6 36.Ne3 Be6 37.Nd5 Bxd5 38.Rxd5 fxg5 39.Rxe5 Bf6 40.Re6 Kf7 41.Rb6 
Rd8 42.Rxd8 Rxd8 43.Rxb4 gxh4 44.Kc2 h3 45.Bg3 h5 46.Rb7+ Kg8 47.Rb6 Kg7 
48.a4 h4 49.Bh2 Bd4 50.Rb5 Rf8 51.Kd3 Bf2 52.Rb7+ Kh6 0-1

[Event "3rd EUR-ch (w)"]
[Site "Varna BUL"]
[Date "2002.06.04"]
[Round "8.48"]
[White "Cavusoglu, Yildiz"]
[Black "Zawadzka, Jolanta"]
[Result "0-1"]
[WhiteElo "2036"]
[BlackElo "2181"]
[EventDate "2002.05.27"]
[PlyCount "72"]

1.d4 Nf6 2.Nf3 g6 3.Bf4 Bg7 4.e3 O-O 5.h3 d6 6.Be2 Nfd7 7.Bh2 e5 8.O-O Nc6
9.c3 Qe7 10.a4 f5 11.Na3 Kh8 12.Nc4 e4 13.Nfd2 g5 14.Qc2 Nf6 15.b4 Qe8 16.
Na3 Qg6 17.b5 Nd8 18.a5 f4 19.b6 c6 20.Nac4 Nf7 21.a6 bxa6 22.Na5 axb6 23.
Nxc6 f3 24.gxf3 Bxh3 25.Rfe1 Rae8 26.Rxa6 Bf5 27.Qb2 exf3 28.Bxf3 g4 29.
Bg2 Ng5 30.Kh1 Nfe4 31.Nxe4 Bxe4 32.Rxb6 Bxg2+ 33.Kxg2 Qe4+ 34.Kf1 Qh1+ 
35.Ke2 Qxh2 36.Rf1 g3 0-1

[Event "3rd EUR-ch (w)"]
[Site "Varna BUL"]
[Date "2002.06.04"]
[Round "8.50"]
[White "Ozturk, Kubra"]
[Black "Smochina, Carolina"]
[Result "1/2-1/2"]
[WhiteElo "2017"]
[BlackElo "2143"]
[EventDate "2002.05.27"]
[PlyCount "164"]

1.d4 Nf6 2.c4 d6 3.Nc3 Nbd7 4.Nf3 e5 5.e4 c6 6.Be2 Be7 7.O-O O-O 8.d5 Nc5 
9.Bd3 cxd5 10.cxd5 Bg4 11.b4 Nxd3 12.Qxd3 Rc8 13.Bd2 Nd7 14.h3 Bh5 15.Ne2 
Nb6 16.Rac1 Bxf3 17.Qxf3 Nc4 18.Bc3 Bg5 19.Rcd1 g6 20.Ng3 Ne3 21.fxe3 Rxc3
22.Rfe1 Qb6 23.Nf1 Qxb4 24.Rb1 Qa3 25.Rxb7 Qxa2 26.Rd7 Qa3 27.Qg3 Bd8 28.
Qf3 a5 29.Rb1 Rc7 30.Rb7 Rxd7 31.Rxd7 Bb6 32.Kh2 a4 33.h4 h5 34.g4 hxg4 
35.Qxg4 Rd8 36.Rxd8+ Bxd8 37.h5 Qb2+ 38.Kh3 Qf2 39.Ng3 Qxe3 40.Qd7 Qg5 41.
Qxa4 Kg7 42.hxg6 fxg6 43.Qd7+ Be7 44.Qg4 Kh6 45.Qe6 Qh4+ 46.Kg2 Qf6 47.Qg4
Bd8 48.Qh3+ Kg7 49.Qd7+ Kf8 50.Qh7 Ke8 51.Qb7 Qe7 52.Qxe7+ Kxe7 53.Kf3 Kd7
54.Nf1 Bg5 55.Nh2 Kc7 56.Kg4 Bf6 57.Kf3 Kb6 58.Ng4 Bg5 59.Nf2 Kc5 60.Kg4 
Be3 61.Nd1 Bf4 62.Kf3 Kd4 63.Nf2 Bd2 64.Ng4 Be1 65.Nf6 Bh4 66.Ng4 Kd3 67.
Nh2 Kd2 68.Nf1+ Kc1 69.Ne3 Bg5 70.Nc4 Be7 71.Ne3 Bf8 72.Ng2 Kd2 73.Ne3 Be7
74.Ng4 Bd8 75.Ne3 Bc7 76.Ng4 Bb6 77.Nf6 Kd3 78.Ng4 Kd2 79.Nf6 Ke1 80.Nh7 
Bd8 81.Nf8 g5 82.Ne6 Be7 1/2-1/2

[Event "3rd EUR-ch (w)"]
[Site "Varna BUL"]
[Date "2002.06.04"]
[Round "8.52"]
[White "Ingolfsdottir, Harpa"]
[Black "Stoilkovska, Sanja"]
[Result "0-1"]
[WhiteElo "2002"]
[BlackElo "2049"]
[EventDate "2002.05.27"]
[PlyCount "77"]

1.e4 c5 2.Nf3 e6 3.d4 cxd4 4.Nxd4 a6 5.Nc3 Qc7 6.g3 b5 7.Bg2 Bb7 8.O-O Nf6
9.Re1 d6 10.Bg5 Be7 11.Bxf6 gxf6 12.Qh5 O-O 13.Bh3 Qc5 14.Nf5 Kh8 15.Qh6 
Rg8 16.Nxe7 Rg7 17.Qxf6 Nd7 18.Qf4 Ne5 19.Bg2 Re8 20.Ned5 exd5 21.exd5 b4 
22.Ne4 Qxd5 23.Rad1 Qc6 24.Rxd6 Ng6 25.Qd2 Qc7 26.Rd7 Qc6 27.Rd6 Qc7 28.
Rd4 Qc6 29.f3 Qb6 30.Qxb4 Qa7 31.Kf1 a5 32.Qc5 Qa6+ 33.Kf2 Rc8 34.Qd6 
Rxc2+ 35.Rd2 Qxd6 36.Nxd6 Rxd2+ 37.Kf1 Rxd6 38.Rc1 f6 39.Rc5 0-1

[Event "3rd EUR-ch (w)"]
[Site "Varna BUL"]
[Date "2002.06.04"]
[Round "8.54"]
[White "Lomakina, Galia"]
[Black "Seps, Monika"]
[Result "1/2-1/2"]
[WhiteElo "2142"]
[BlackElo "2095"]
[EventDate "2002.05.27"]
[PlyCount "195"]

1.Nf3 c5 2.g3 Nc6 3.Bg2 g6 4.O-O Bg7 5.d3 e5 6.c4 Nge7 7.Nc3 O-O 8.a3 d6 
9.Rb1 b6 10.b4 Bb7 11.bxc5 dxc5 12.e4 Bc8 13.Nd5 Rb8 14.Bd2 h6 15.a4 a5 
16.Qc1 Kh7 17.Bc3 f6 18.Ne1 Bd7 19.f4 Nd4 20.Bxd4 cxd4 21.Qa3 Nxd5 22.exd5
exf4 23.Rxf4 f5 24.Rf2 Re8 25.Nf3 Re3 26.Rfb2 Bf8 27.Qb3 Bc5 28.Rf2 Qe8 
29.Ra1 Qe7 30.Bf1 f4 31.gxf4 Rf8 32.Ne5 Bd6 33.Qb2 Bxe5 34.fxe5 Rxf2 35.
Qxf2 Rxe5 36.Bg2 Re2 37.Qf4 Bf5 38.d6 Qe3+ 39.Qxe3 dxe3 40.Rd1 Kg7 41.Bc6 
Kf7 42.d4 Rd2 43.Bd5+ Ke8 44.Re1 e2 45.Bc6+ Kd8 46.d5 Bg4 47.Kf2 Rd4 48.
Bb5 Rf4+ 49.Ke3 Rf1 50.Kd2 Rf2 51.h3 Bh5 52.d7 Rf4 53.Kc3 Rf3+ 54.Kd2 Rxh3
55.c5 bxc5 56.Rc1 Rh4 57.Rxc5 Rd4+ 58.Kc2 Rxd5 59.Rc8+ Ke7 60.Re8+ Kf6 61.
Kc3 Rd1 62.Kc4 Bg4 63.Kc5 Bxd7 64.Rxe2 Bxb5 65.axb5 Rb1 66.Ra2 h5 67.Rxa5 
h4 68.b6 g5 69.Rb5 Rc1+ 70.Kd6 Rc8 71.b7 Rb8 72.Kc7 Rxb7+ 73.Kxb7 g4 74.
Rh5 h3 75.Kc6 Kg6 76.Rh8 Kg5 77.Kd5 Kf4 78.Kd4 g3 79.Rxh3 g2 80.Rh4+ Kg3 
81.Re4 g1=Q+ 82.Kd5 Kf3 83.Re5 Qg6 84.Kd4 Kf4 85.Rd5 Qb6+ 86.Rc5 Qf6+ 87.
Kd5 Qd8+ 88.Kc4 Ke4 89.Kb4 Qd3 90.Rc4+ Kd5 91.Rc5+ Kd4 92.Rc7 Qb1+ 93.Ka5 
Kd5 94.Ka6 Qa1+ 95.Kb7 Qb2+ 96.Kc8 Qb6 97.Rd7+ Kc6 98.Rd6+ 1/2-1/2

[Event "3rd EUR-ch (w)"]
[Site "Varna BUL"]
[Date "2002.06.05"]
[Round "9.2"]
[White "Kovalevskaya, Ekaterina"]
[Black "Peptan, Corina-Isabela"]
[Result "1-0"]
[WhiteElo "2482"]
[BlackElo "2480"]
[EventDate "2002.05.27"]
[PlyCount "69"]

1.e4 c5 2.Nf3 e6 3.b3 b6 4.Bb2 Bb7 5.d3 d6 6.Be2 Nd7 7.O-O Qc7 8.Ng5 Ngf6 
9.f4 h6 10.Nh3 Be7 11.c4 O-O-O 12.Nc3 a6 13.f5 d5 14.fxe6 fxe6 15.cxd5 
exd5 16.Nf4 d4 17.Na4 Bd6 18.Ne6 Bxh2+ 19.Kh1 Qe5 20.Nxd8 Rxd8 21.Bg4 Kc7 
22.Bxd7 Rxd7 23.Rf5 Qd6 24.Qf3 Be5 25.b4 c4 26.Rc1 c3 27.Nxc3 dxc3 28.Rxe5
Kb8 29.Bxc3 Qxd3 30.Qxd3 Rxd3 31.Re7 Ng4 32.Rxg7 h5 33.Be1 Bxe4 34.Kg1 Re3
35.Bd2 1-0

[Event "3rd EUR-ch (w)"]
[Site "Varna BUL"]
[Date "2002.06.05"]
[Round "9.3"]
[White "Galliamova, Alisa"]
[Black "Arakhamia-Grant, Ketevan"]
[Result "1-0"]
[WhiteElo "2500"]
[BlackElo "2425"]
[EventDate "2002.05.27"]
[PlyCount "108"]

1.e4 c5 2.Nc3 Nc6 3.Nge2 Nf6 4.d4 cxd4 5.Nxd4 e5 6.Ndb5 d6 7.Bg5 a6 8.Na3 
b5 9.Bxf6 gxf6 10.Nd5 f5 11.Bd3 Be6 12.O-O Bxd5 13.exd5 Ne7 14.c3 Bg7 15.
Qh5 Qd7 16.Rad1 Rc8 17.Nc2 O-O 18.f3 h6 19.Kh1 f4 20.Rg1 f5 21.g4 Kh8 22.
Rd2 Qe8 23.Qh3 Rc7 24.Rdg2 Nxd5 25.Bxf5 Ne7 26.Bd3 d5 27.g5 Rc6 28.Rg4 Qc8
29.Qg2 Qe6 30.Rh4 Rg8 31.Nb4 Rd6 32.Bb1 Bf8 33.Qc2 Qf7 34.Rhg4 Rdg6 35.Nd3
Nc6 36.Qe2 Qe6 37.Re1 Rxg5 38.Nxf4 Qf7 39.Rxg5 Rxg5 40.Ng2 Bc5 41.b4 Bd6 
42.Rf1 Rg7 43.a4 Qh5 44.axb5 e4 45.Nf4 Bxf4 46.bxc6 Rg6 47.c4 Rxc6 48.cxd5
Qxd5 49.Bxe4 Qe5 50.Rg1 Rd6 51.Qg2 Qg5 52.Qb2+ Qe5 53.Qb3 Qe8 54.Qc4 Be5 
1-0

[Event "3rd EUR-ch (w)"]
[Site "Varna BUL"]
[Date "2002.06.05"]
[Round "9.4"]
[White "Maric, Alisa"]
[Black "Kosintseva, Nadezhda"]
[Result "0-1"]
[WhiteElo "2455"]
[BlackElo "2336"]
[EventDate "2002.05.27"]
[PlyCount "86"]

1.d4 f5 2.Nc3 d5 3.Bf4 c6 4.e3 Nf6 5.Nf3 e6 6.Bd3 Be7 7.O-O O-O 8.Ne2 Ne4 
9.c4 Nd7 10.Ne5 g5 11.Nxd7 Bxd7 12.Be5 Be8 13.c5 Bg6 14.b4 b6 15.Qc2 Nf6 
16.Rfc1 bxc5 17.bxc5 Nd7 18.Bg3 h5 19.Qa4 h4 20.Qxc6 hxg3 21.Qxe6+ Kh7 22.
Nxg3 Rf6 23.Qxd5 Nf8 24.Qf3 g4 25.Qf4 Ne6 26.Qe5 Qc7 27.Qxc7 Nxc7 28.Rab1 
f4 29.Bxg6+ Kxg6 30.Ne2 fxe3 31.fxe3 Nd5 32.e4 Nf4 33.Ng3 Rd8 34.c6 Rc8 
35.d5 Nd3 36.Nf5 Kf7 37.Rc3 Nf4 38.Ng3 Bd6 39.Rb7+ Rc7 40.Rc2 Kg6 41.Nf5 
Be5 42.d6 Bxd6 43.Nxd6 Rxc6 0-1

[Event "3rd EUR-ch (w)"]
[Site "Varna BUL"]
[Date "2002.06.05"]
[Round "9.5"]
[White "Mkrtchian, Lilit"]
[Black "Dworakowska, Joanna"]
[Result "1-0"]
[WhiteElo "2391"]
[BlackElo "2445"]
[EventDate "2002.05.27"]
[PlyCount "81"]

1.e4 c5 2.Nf3 d6 3.d4 cxd4 4.Nxd4 Nf6 5.Nc3 a6 6.Be2 e5 7.Nb3 Be7 8.Be3 
Be6 9.Nd5 Nbd7 10.Qd3 Bxd5 11.exd5 O-O 12.g4 Ne8 13.O-O-O Bg5 14.h4 Bxe3+ 
15.fxe3 a5 16.a4 Nc7 17.Kb1 Na6 18.Qf5 Nac5 19.Nxc5 Nxc5 20.Bb5 e4 21.Rdf1
f6 22.Rf2 Rc8 23.Rhf1 Rc7 24.g5 g6 25.Qh3 f5 26.h5 Qxg5 27.hxg6 hxg6 28.
Rg2 Qf6 29.Qh6 Rg7 30.Rg5 Kf7 31.Be2 Nxa4 32.Rfxf5 Kg8 33.Rxf6 Rxf6 34.Bh5
Kf7 35.Rxg6 Rfxg6 36.Qg5 Nc5 37.Qf5+ Kg8 38.Bxg6 Rd7 39.Qg5 Kf8 40.Qf6+ 
Kg8 41.Bf5 1-0

[Event "3rd EUR-ch (w)"]
[Site "Varna BUL"]
[Date "2002.06.05"]
[Round "9.6"]
[White "Jackova, Jana"]
[Black "Matveeva, Svetlana"]
[Result "1/2-1/2"]
[WhiteElo "2325"]
[BlackElo "2437"]
[EventDate "2002.05.27"]
[PlyCount "149"]

1.e4 c5 2.Nf3 d6 3.d4 cxd4 4.Nxd4 Nf6 5.Nc3 g6 6.Be2 Bg7 7.O-O O-O 8.Re1 
Nc6 9.Nb3 a5 10.a4 Be6 11.Ra3 Rc8 12.Bf1 Nb4 13.Bg5 h6 14.Bh4 Nd7 15.Nc1 
g5 16.Bg3 Ne5 17.h4 Qb6 18.hxg5 hxg5 19.Qd2 Bf6 20.Ra1 Kg7 21.Bxe5 dxe5 
22.Nd3 Rh8 23.g3 Rhd8 24.Qc1 Nc6 25.Nb5 Bc4 26.Qe3 Qxe3 27.fxe3 b6 28.Na3 
Be6 29.c3 Rd7 30.Rec1 Rcd8 31.Nf2 Rd2 32.Bc4 Bd7 33.Bb5 Na7 34.Nc4 Nxb5 
35.Nxd2 Nd6 36.b4 g4 37.bxa5 bxa5 38.c4 Bg5 39.c5 Bxe3 40.cxd6 Bxd2 41.
dxe7 Re8 42.Rc7 Be6 43.Nd3 f6 44.Nc5 Bf7 45.Rd1 Bb4 46.Rdd7 Ba2 47.Kg2 Kf7
48.Rd8 Rxe7 49.Rxe7+ Kxe7 50.Rc8 Bb1 51.Kf2 Kd6 52.Nb7+ Kd7 53.Rc1 Ba2 54.
Ke3 Bb3 55.Nc5+ Bxc5+ 56.Rxc5 Bxa4 57.Rxa5 Bc6 58.Ra7+ Kd6 59.Rf7 Ke6 60.
Rg7 Bd7 61.Rxg4 Kf7 62.Rh4 Kg7 63.Kd3 Bb5+ 64.Kc3 Be2 65.Kb4 Kf7 66.Kc5 
Ke6 67.Kc6 Bc4 68.Kc7 Bd3 69.Kd8 Bb5 70.Rg4 Bc6 71.Rh4 Bb5 72.Rh6 Kf7 73.
Rh7+ Kg6 74.Rh4 Kf7 75.Rh7+ 1/2-1/2

[Event "3rd EUR-ch (w)"]
[Site "Varna BUL"]
[Date "2002.06.05"]
[Round "9.7"]
[White "Grabuzova, Tatiana"]
[Black "Zhukova, Natalia"]
[Result "1/2-1/2"]
[WhiteElo "2388"]
[BlackElo "2425"]
[EventDate "2002.05.27"]
[PlyCount "62"]

1.d4 d5 2.c4 c6 3.Nf3 Nf6 4.Nc3 dxc4 5.a4 Bf5 6.e3 e6 7.Bxc4 Bb4 8.O-O O-O
9.Qe2 Nbd7 10.Ne5 Nxe5 11.dxe5 Ne4 12.Na2 a5 13.f3 Nc5 14.e4 Bg6 15.b3 b5 
16.axb5 cxb5 17.Bxb5 Nxb3 18.Nxb4 Nxc1 19.Rfxc1 axb4 20.Rxa8 Qxa8 21.Qc4 
Qb8 22.Qxb4 Qxe5 23.Qc5 Qf4 24.Rd1 h6 25.Be2 Ra8 26.g3 Qb8 27.Qd6 Qb2 28.
Qd2 Qb6+ 29.Qd4 Qa5 30.Qd2 Qa3 31.Qd3 Qc5+ 1/2-1/2

[Event "3rd EUR-ch (w)"]
[Site "Varna BUL"]
[Date "2002.06.05"]
[Round "9.8"]
[White "Repkova, Eva"]
[Black "Prudnikova, Svetlana"]
[Result "0-1"]
[WhiteElo "2345"]
[BlackElo "2422"]
[EventDate "2002.05.27"]
[PlyCount "92"]

1.e4 c5 2.b3 Nc6 3.Bb2 e5 4.Bb5 Nd4 5.Bxd4 cxd4 6.Nf3 Qa5 7.Qe2 a6 8.Bc4 
Be7 9.c3 dxc3 10.Nxc3 Nf6 11.Nd5 b5 12.Nxf6+ Bxf6 13.Bd5 Rb8 14.O-O O-O 
15.Rfc1 d6 16.Rc6 Be7 17.Rac1 Bd7 18.Rc7 Rbc8 19.Rxc8 Rxc8 20.Rxc8+ Bxc8 
21.d3 Qc3 22.h3 Qc1+ 23.Kh2 Bd8 24.Nd2 Qc2 25.Qe3 Kf8 26.Nf3 h6 27.Qa7 Qc7
28.Qa8 Ke7 29.a4 bxa4 30.bxa4 a5 31.Nd2 Bd7 32.Bb3 Qb6 33.Bc4 Bxa4 34.Qd5 
Be8 35.Qa8 Bc6 36.Qc8 Bd7 37.Qa8 Qxf2 38.Nf3 Qb6 39.Nh4 g6 40.Kg3 Qe3+ 41.
Nf3 Qf4+ 42.Kf2 Bb6+ 43.Kf1 Qc1+ 44.Ne1 Qe3 45.d4 Bxd4 46.Nd3 Qg1+ 0-1

[Event "3rd EUR-ch (w)"]
[Site "Varna BUL"]
[Date "2002.06.05"]
[Round "9.9"]
[White "Nepeina-Leconte, Maria"]
[Black "Sedina, Elena"]
[Result "1/2-1/2"]
[WhiteElo "2308"]
[BlackElo "2407"]
[EventDate "2002.05.27"]
[PlyCount "27"]

1.e4 e6 2.d4 d5 3.exd5 exd5 4.Bf4 Nf6 5.Bd3 Nc6 6.c3 Bd6 7.Bxd6 Qxd6 8.Ne2
Bg4 9.f3 Bh5 10.Qd2 Bg6 11.O-O O-O 12.Na3 Rfe8 13.Rae1 Re7 14.Bxg6 1/2-1/2

[Event "3rd EUR-ch (w)"]
[Site "Varna BUL"]
[Date "2002.06.05"]
[Round "9.10"]
[White "Lomineishvili, Maia"]
[Black "Peng Zhaoqin"]
[Result "0-1"]
[WhiteElo "2370"]
[BlackElo "2472"]
[EventDate "2002.05.27"]
[PlyCount "106"]

1.d4 Nf6 2.c4 c5 3.d5 e5 4.Nc3 d6 5.e4 Nbd7 6.Bd3 Be7 7.Be3 a6 8.h3 Nf8 9.
Nge2 Ng6 10.Ng3 Nf4 11.Bf1 g6 12.Qd2 Nd7 13.Nge2 Nh5 14.g4 Ng7 15.Ng3 h5 
16.gxh5 Nxh5 17.Nxh5 Rxh5 18.Be2 Rh7 19.O-O-O Rb8 20.Kb1 Qa5 21.Rdg1 b5 
22.h4 Nf6 23.f3 Bd7 24.Bd3 Nh5 25.Ne2 Qxd2 26.Bxd2 b4 27.f4 exf4 28.Nxf4 
Kf8 29.Be2 Nf6 30.Bf3 Re8 31.Kc2 Bd8 32.Kd3 Bc8 33.b3 Nd7 34.Kc2 Ne5 35.
Be2 Rxh4 36.Rxh4 Bxh4 37.Nd3 Bf6 38.Bf4 Kg7 39.Nxe5 Bxe5 40.Bxe5+ Rxe5 41.
Kd3 Re8 42.Rh1 Rh8 43.Rxh8 Kxh8 44.e5 Bf5+ 45.Ke3 dxe5 46.d6 Kg7 47.d7 
Bxd7 48.Ke4 Kf6 49.Kd5 e4 50.Kxc5 Ke5 51.Kb6 f5 52.c5 f4 53.c6 Bxc6 0-1